Normal view
MARC view
Entry Corporate Name
001 - CONTROL NUMBER
- control field: 340518
003 - CONTROL NUMBER IDENTIFIER
- control field: OSt
005 - DATE AND TIME OF LATEST TRANSACTION
- control field: 20220926034400.0
008 - FIXED-LENGTH DATA ELEMENTS
- fixed length control field: 220926|| aca||aabn | a|a d
040 ## - CATALOGING SOURCE
- Original cataloging agency: OSt
- Transcribing agency: OSt
110 ## - HEADING--CORPORATE NAME
- Corporate name or jurisdiction name as entry element: National research Council, Population (Committee on-)(chairman: Jane Menken) (1998)
670 ## - SOURCE DATA FOUND
- Source citation: Work cat.: (OSt)659384: Bledasoe H Coroline and other Ed. 340517, Critical perspectives on schooling and fertility in the developing world, 1999
